• 首页
  • 本馆介绍
  • 公告通知
  • 最新文献
  • 馆藏检索
  • 电子资源
  • 读者导购
  • 参考咨询
  • 我的图书馆
  • 登录
  • 详细信息显示
  • 放入我的书架
  • 预约/预借图书
  • 作者相关作品
  • 分类相关作品
  • 丛书相关作品
  • 出版社相关作品

书目信息

  • 表格格式
  • 工作单格式
  • 卡片格式
题名:
罪犯心理学
    
 
作者: 林秉贤 , 曲啸 著
分册: 下册  
出版信息: 北京   群众出版社  1988
页数: 260页
开本: 20cm
丛书名:
单 册:
中图分类: D917.2 , B84
科图分类:
主题词: 犯罪心理学--研究 , 犯罪心理学 , 心理学
电子资源:
ISBN: 7-5014-0207-8
000 00726nam0 2200265 450
001 1237824428
005 20120928103530.01
010    @a7-5014-0207-8@dCNY5.00
100    @a20030714d1988 emky0chiy50 ea
101 0  @achi
102    @aCN@b110000
105    @aa z 000yy
106    @ar
200 1  @a罪犯心理学@h下册@f曲啸,林秉贤著@Azui fan xin li xue
210    @a北京@c群众出版社@d1988
215    @a260页@c照片@d20cm
606 0  @a犯罪心理学@x研究
606 0  @a犯罪心理学
606 0  @a心理学
690    @aD917.2@v4
690    @aB84@v4
701  0 @a林秉贤@4著@Alin bing xian
701  0 @a曲啸@4著@Aqu xiao
801  0 @aCN@b大连网信软件有限公司图书馆·11@c20120928
905    @a10447@dB84@eJY19:2
    
    罪犯心理学.下册/曲啸,林秉贤著.-北京:群众出版社,1988
    260页:照片;20cm
    
    
    ISBN 7-5014-0207-8:CNY5.00
    
●
相关链接 在E读中查询图书 在五车中查询图书 在当当中查询图书 在豆瓣中查询图书


正题名:罪犯心理学     索取号:B84/JY19:2         预约/预借

序号 登录号 条形码 馆藏地/架位号 状态 备注
1 7830021   278300214   学院路分馆/ [索取号:B84/JY19:2] 在馆    
唐山师范学院图书馆 欢迎您!
大连网信软件有限公司© 版权所有